Mưu hèn kế bẩn nơi ở công sở và cách thức đánh bại chúng

Tallennettuna:
Bibliografiset tiedot
Päätekijä: Đặng, Ly
Aineistotyyppi: Kirja
Kieli:Undetermined
Julkaistu: Hà Nội Lao động Xã hội 2013
Aiheet:
Tagit: Lisää tagi
Ei tageja, Lisää ensimmäinen tagi!
Thư viện lưu trữ: Trung tâm Học liệu Trường Đại học Cần Thơ
LEADER 00603nam a2200181Ia 4500
001 CTU_180781
008 210402s9999 xx 000 0 und d
020 |c 59000 
082 |a 158.2 
082 |b L600 
100 |a Đặng, Ly 
245 0 |a Mưu hèn kế bẩn nơi ở công sở và cách thức đánh bại chúng 
245 0 |c Đặng Ly, Phan Hạnh (chủ biên) 
260 |a Hà Nội 
260 |b Lao động Xã hội 
260 |c 2013 
650 |a Applied psychology,Tâm lý ứng dụng 
980 |a Trung tâm Học liệu Trường Đại học Cần Thơ